[Event "Asian Zonal-ch 3.5 Women 2019"]
[Site "Zi Bo"]
[Date "2019.09.08"]
[Round "6.6"]
[White "Hu, Yu A."]
[Black "Li, Xueyi"]
[Result "0-1"]
[WhiteElo "2105"]
[BlackElo "2323"]
[Annotator "NA"]
[PlyCount "98"]
[EventDate "2019.09.05"]
[EventType "swiss"]
[EventCountry "CHN"]
[SourceTitle "playchess.com"]
[Source "ChessBase"]
[SourceQuality "1"]
[TimeControl "5400+30"]

1. e4 {[%emt 0:00:00]} c6 {[%emt 0:00:00]} 2. d4 {[%emt 0:00:09]} d5 {[%emt 0:00:00]} 3. Nd2 {[%emt 0:00:26]} dxe4 {[%emt 0:00:25]} 4. Nxe4 {[%emt 0:00:27]} Bf5 {[%emt 0:00:13]} 5. Ng3 {[%emt 0:00:18]} Bg6 {[%emt 0:00:04]} 6. h4 {[%emt 0:00:11]} h6 {[%emt 0:00:04]} 7. Nf3 {[%emt 0:00:10]} e6 {[%emt 0:00:13]} 8. Ne5 {[%emt 0:03:03]} Bh7 {[%emt 0:00:11]} 9. Qh5 {[%emt 0:09:36]} Qc7 {[%emt 0:00:13]} 10. Bc4 {[%emt 0:03:10]} Nf6 {[%emt 0:01:55]} 11. Qe2 {[%emt 0:00:27]} Bd6 {[%emt 0:04:53]} 12. Bf4 {[%emt 0:10:08]} Qe7 {[%emt 0:23:33]} 13. O-O-O {[%emt 0:21:47]} Nbd7 {[%emt 0:01:55]} 14. Kb1 {[%emt 0:06:11]} Nb6 {[%emt 0:09:24]} 15. Bd3 {[%emt 0:00:11]} Nfd5 {[%emt 0:04:56]} 16. Bd2 {[%emt 0:02:23]} Bxd3 {[%emt 0:05:04]} 17. Qxd3 {[%emt 0:00:14]} Nf6 {[%emt 0:08:22]} 18. Rhe1 {[%emt 0:02:33]} O-O-O {[%emt 0:00:51]} 19. Qb3 {[%emt 0:06:34]} Bxe5 {[%emt 0:07:58]} 20. dxe5 {[%emt 0:00:07]} Ng4 {[%emt 0:00:15]} 21. Qf3 {[%emt 0:10:44]} h5 {[%emt 0:02:19]} 22. Bg5 {[%emt 0:08:27]} Rxd1+ {[%emt 0:07:37]} 23. Rxd1 {[%emt 0:00:06]} Qc7 {[%emt 0:12:12]} 24. Nxh5 {[%emt 0:00:27]} Nxe5 {[%emt 0:02:05]} 25. Qe2 {[%emt 0:05:58]} Nd5 {[%emt 0:03:03]} 26. Nxg7 {[%emt 0:05:16]} Nd7 {[%emt 0:00:48]} 27. c4 {[%emt 0:02:05]} N5b6 {[%emt 0:01:01]} 28. h5 {[%emt 0:00:59]} Qh2 {[%emt 0:02:34]} 29. g3 {[%emt 0:00:28]} Qh3 {[%emt 0:01:22]} 30. Qe4 {[%emt 0:01:22]} Rxh5 {[%emt 0:00:34]} 31. Nxh5 {[%emt 0:00:05]} Qxh5 {[%emt 0:00:04]} 32. Qd3 {[%emt 0:01:26]} Qxg5 {[%emt 0:00:07]} 33. Ka1 {[%emt 0:00:28]} Qc5 {[%emt 0:00:18]} 34. Qf3 {[%emt 0:00:26]} f5 {[%emt 0:01:00]} 35. b3 {[%emt 0:00:32]} Qe5+ {[%emt 0:00:25]} 36. Kb1 {[%emt 0:00:04]} Nc5 {[%emt 0:00:21]} 37. Qh5 {[%emt 0:00:16]} Nbd7 {[%emt 0:00:34]} 38. b4 {[%emt 0:01:05]} Qe4+ {[%emt 0:00:08]} 39. Kb2 {[%emt 0:00:35]} Nd3+ {[%emt 0:00:46]} 40. Kc3 {[%emt 0:00:04]} N3e5 {[%emt 0:00:16]} 41. Qe8+ {[%emt 0:00:04]} Kc7 {[%emt 0:00:13]} 42. Qxe6 {[%emt 0:00:05]} Qf3+ {[%emt 0:00:13]} 43. Kc2 {[%emt 0:00:02]} Qxf2+ {[%emt 0:00:58]} 44. Rd2 {[%emt 0:00:03]} Qxg3 {[%emt 0:00:45]} 45. Qd6+ {[%emt 0:00:24]} Kc8 {[%emt 0:00:17]} 46. Qd4 {[%emt 0:01:27]} Qa3 {[%emt 0:00:19]} 47. Kd1 {[%emt 0:01:34]} Qa4+ {[%emt 0:00:42]} 48. Kc1 {[%emt 0:00:37]} Qxb4 {[%emt 0:00:13]} 49. Qxa7 {[%emt 0:00:06]} Nxc4 {[%emt 0:00:42]} 0-1

[Event "Asian Zonal-ch 3.5 Women 2019"]
[Site "Zi Bo"]
[Date "2019.09.08"]
[Round "6.7"]
[White "Gu, Tianlu"]
[Black "Yuan, Ye"]
[Result "1-0"]
[WhiteElo "2239"]
[BlackElo "2092"]
[Annotator "NA"]
[PlyCount "47"]
[EventDate "2019.09.05"]
[EventType "swiss"]
[EventCountry "CHN"]
[SourceTitle "playchess.com"]
[Source "ChessBase"]
[SourceQuality "1"]
[TimeControl "5400+30"]

1. e4 {[%emt 0:00:00]} c5 {[%emt 0:00:00]} 2. Nf3 {[%emt 0:00:00]} e6 {[%emt 0:00:07]} 3. Nc3 {[%emt 0:00:02]} a6 {[%emt 0:00:12]} 4. g3 {[%emt 0:00:20]} Nc6 {[%emt 0:04:26]} 5. Bg2 {[%emt 0:00:12]} Nf6 {[%emt 0:05:57]} 6. O-O {[%emt 0:00:14]} d5 {[%emt 0:00:52]} 7. exd5 {[%emt 0:00:58]} Nxd5 {[%emt 0:01:02]} 8. Nxd5 {[%emt 0:04:21]} Qxd5 {[%emt 0:02:33]} 9. Re1 {[%emt 0:03:52]} Qd7 {[%emt 0:04:11]} 10. d3 {[%emt 0:02:05]} Be7 {[%emt 0:01:02]} 11. a4 {[%emt 0:00:45]} O-O {[%emt 0:04:56]} 12. Nd2 {[%emt 0:00:57]} Na5 {[%emt 0:07:07]} 13. Ne4 {[%emt 0:03:07]} Ra7 {[%emt 0:06:39]} 14. Be3 {[%emt 0:02:12]} b6 {[%emt 0:01:51]} 15. b4 {[%emt 0:02:33]} Nb7 {[%emt 0:01:29]} 16. a5 {[%emt 0:11:05]} Qc7 {[%emt 0:01:47]} 17. d4 {[%emt 0:10:50]} bxa5 {[%emt 0:11:22]} 18. bxc5 {[%emt 0:02:34]} Bd7 {[%emt 0:02:07]} 19. c4 {[%emt 0:04:59]} Raa8 {[%emt 0:04:17]} 20. Rb1 {[%emt 0:04:16]} Kh8 {[%emt 0:03:55]} 21. d5 {[%emt 0:05:03]} exd5 {[%emt 0:02:08]} 22. cxd5 {[%emt 0:00:05]} Nxc5 {[%emt 0:01:11]} 23. d6 {[%emt 0:02:24]} Bxd6 {[%emt 0:00:03]} 24. Qxd6 {[%emt 0:00:07]} 1-0

[Event "Asian Zonal-ch 3.5 Women 2019"]
[Site "Zi Bo"]
[Date "2019.09.08"]
[Round "6.8"]
[White "Zhang, Lanlin"]
[Black "Zhang, Xiao"]
[Result "1-0"]
[WhiteElo "2203"]
[BlackElo "2073"]
[Annotator "NA"]
[PlyCount "93"]
[EventDate "2019.09.05"]
[EventType "swiss"]
[EventCountry "CHN"]
[SourceTitle "playchess.com"]
[Source "ChessBase"]
[SourceQuality "1"]
[TimeControl "5400+30"]

1. e4 {[%emt 0:00:00]} c6 {[%emt 0:00:00]} 2. d4 {[%emt 0:09:05]} d5 {[%emt 0:00:00]} 3. Nc3 {[%emt 0:00:19]} g6 {[%emt 0:00:16]} 4. e5 {[%emt 0:01:05]} h5 {[%emt 0:00:23]} 5. f4 {[%emt 0:00:20]} Bg4 {[%emt 0:01:37]} 6. Nf3 {[%emt 0:00:14]} e6 {[%emt 0:01:07]} 7. h3 {[%emt 0:00:24]} Bxf3 {[%emt 0:00:11]} 8. Qxf3 {[%emt 0:00:04]} c5 {[%emt 0:01:45]} 9. Be3 {[%emt 0:05:12]} Nc6 {[%emt 0:11:28]} 10. dxc5 {[%emt 0:07:19]} Qa5 {[%emt 0:02:57]} 11. O-O-O {[%emt 0:07:12]} O-O-O {[%emt 0:10:18]} 12. Qf2 {[%emt 0:04:25]} Nh6 {[%emt 0:02:02]} 13. Bb5 {[%emt 0:07:04]} Nf5 {[%emt 0:01:49]} 14. Bxc6 {[%emt 0:15:40]} bxc6 {[%emt 0:00:06]} 15. Kb1 {[%emt 0:00:36]} h4 {[%emt 0:09:14]} 16. Ne2 {[%emt 0:03:34]} Nxe3 {[%emt 0:03:48]} 17. Qxe3 {[%emt 0:00:04]} Bxc5 {[%emt 0:00:19]} 18. Qf3 {[%emt 0:00:38]} Qa6 {[%emt 0:03:54]} 19. Rd3 {[%emt 0:00:31]} Rd7 {[%emt 0:06:03]} 20. Rhd1 {[%emt 0:03:02]} Rhd8 {[%emt 0:01:59]} 21. Qg4 {[%emt 0:05:41]} Be7 {[%emt 0:00:39]} 22. Ng1 {[%emt 0:00:51]} Rb7 {[%emt 0:03:42]} 23. Nf3 {[%emt 0:01:32]} Rh8 {[%emt 0:01:26]} 24. Ng5 {[%emt 0:00:19]} Bxg5 {[%emt 0:02:18]} 25. fxg5 {[%emt 0:00:13]} Qb6 {[%emt 0:01:34]} 26. Rb3 {[%emt 0:03:11]} Qc7 {[%emt 0:00:29]} 27. Re3 {[%emt 0:01:02]} Qb6 {[%emt 0:00:33]} 28. Rb3 {[%emt 0:02:06]} Qc7 {[%emt 0:00:09]} 29. Qf4 {[%emt 0:00:07]} Rxb3 {[%emt 0:03:09]} 30. axb3 {[%emt 0:00:54]} Qe7 {[%emt 0:04:09]} 31. c4 {[%emt 0:00:34]} Rh5 {[%emt 0:10:10]} 32. Rf1 {[%emt 0:04:37]} Kd8 {[%emt 0:02:01]} 33. cxd5 {[%emt 0:03:07]} exd5 {[%emt 0:03:18]} 34. e6 {[%emt 0:02:44]} Qxe6 {[%emt 0:02:48]} 35. Qb8+ {[%emt 0:00:08]} Ke7 {[%emt 0:03:59]} 36. Qb4+ {[%emt 0:00:04]} Kd7 {[%emt 0:03:42]} 37. Re1 {[%emt 0:00:04]} Qf5+ {[%emt 0:03:48]} 38. Ka2 {[%emt 0:00:05]} Qxg5 {[%emt 0:00:13]} 39. Qb7+ {[%emt 0:01:04]} Kd6 {[%emt 0:00:38]} 40. Qxf7 {[%emt 0:00:15]} Kc5 {[%emt 0:01:23]} 41. Qxa7+ {[%emt 0:00:28]} Kd6 {[%emt 0:00:29]} 42. Qf7 {[%emt 0:01:35]} Kc5 {[%emt 0:00:14]} 43. Qf8+ {[%emt 0:00:09]} Kb6 {[%emt 0:00:46]} 44. Qb4+ {[%emt 0:00:20]} Ka6 {[%emt 0:00:28]} 45. Re7 {[%emt 0:00:38]} d4 {[%emt 0:00:30]} 46. Qb7+ {[%emt 0:00:13]} Ka5 {[%emt 0:00:02]} 47. b4+ {[%emt 0:00:05]} 1-0

[Event "Asian Zonal-ch 3.5 Women 2019"]
[Site "Zi Bo"]
[Date "2019.09.08"]
[Round "6.9"]
[White "Zhou, Zirun"]
[Black "Zhao, Shengxin"]
[Result "1/2-1/2"]
[WhiteElo "2155"]
[BlackElo "2162"]
[Annotator "NA"]
[PlyCount "60"]
[EventDate "2019.09.05"]
[EventType "swiss"]
[EventCountry "CHN"]
[SourceTitle "playchess.com"]
[Source "ChessBase"]
[SourceQuality "1"]
[TimeControl "5400+30"]

1. d4 {[%emt 0:00:00]} d5 {[%emt 0:00:00]} 2. c4 {[%emt 0:00:00]} c6 {[%emt 0:00:00]} 3. cxd5 {[%emt 0:00:00]} cxd5 {[%emt 0:00:00]} 4. Nf3 {[%emt 0:00:01]} Nf6 {[%emt 0:00:06]} 5. Bf4 {[%emt 0:00:10]} Bf5 {[%emt 0:00:25]} 6. e3 {[%emt 0:00:05]} Nc6 {[%emt 0:00:09]} 7. Nc3 {[%emt 0:00:16]} e6 {[%emt 0:00:06]} 8. Bd3 {[%emt 0:00:11]} Bxd3 {[%emt 0:00:08]} 9. Qxd3 {[%emt 0:00:20]} Bd6 {[%emt 0:05:09]} 10. Bxd6 {[%emt 0:02:24]} Qxd6 {[%emt 0:00:47]} 11. O-O {[%emt 0:00:15]} O-O {[%emt 0:00:07]} 12. Ne2 {[%emt 0:03:42]} Ne7 {[%emt 0:00:42]} 13. Rfc1 {[%emt 0:00:11]} Rfc8 {[%emt 0:01:43]} 14. Rxc8+ {[%emt 0:01:17]} Rxc8 {[%emt 0:01:05]} 15. Rc1 {[%emt 0:00:26]} Rxc1+ {[%emt 0:00:34]} 16. Nxc1 {[%emt 0:00:13]} Qc6 {[%emt 0:00:05]} 17. Ne2 {[%emt 0:00:22]} Kf8 {[%emt 0:00:19]} 18. Ne5 {[%emt 0:02:05]} Qc7 {[%emt 0:00:20]} 19. Qc3 {[%emt 0:00:14]} Qxc3 {[%emt 0:01:13]} 20. Nxc3 {[%emt 0:00:11]} Nc6 {[%emt 0:00:31]} 21. Nxc6 {[%emt 0:01:20]} bxc6 {[%emt 0:00:43]} 22. Kf1 {[%emt 0:00:45]} Ke7 {[%emt 0:00:28]} 23. Na4 {[%emt 0:00:10]} Kd6 {[%emt 0:01:13]} 24. Ke2 {[%emt 0:01:21]} Nd7 {[%emt 0:00:14]} 25. b4 {[%emt 0:00:11]} e5 {[%emt 0:00:31]} 26. f3 {[%emt 0:00:39]} f6 {[%emt 0:00:43]} 27. Kd3 {[%emt 0:00:11]} Kc7 {[%emt 0:00:09]} 28. Nc5 {[%emt 0:00:35]} Nxc5+ {[%emt 0:00:39]} 29. bxc5 {[%emt 0:00:08]} Kb7 {[%emt 0:01:33]} 30. Kc3 {[%emt 0:00:09]} Kc7 {[%emt 0:00:21]} 1/2-1/2

[Event "Asian Zonal-ch 3.5 Women 2019"]
[Site "Zi Bo"]
[Date "2019.09.08"]
[Round "6.10"]
[White "Zhang, Yuxuan"]
[Black "Xue, Yue"]
[Result "1-0"]
[WhiteElo "1979"]
[BlackElo "1678"]
[Annotator "NA"]
[PlyCount "76"]
[EventDate "2019.09.05"]
[EventType "swiss"]
[EventCountry "CHN"]
[SourceTitle "playchess.com"]
[Source "ChessBase"]
[SourceQuality "1"]
[TimeControl "5400+30"]

1. e4 {[%emt 0:00:00]} c5 {[%emt 0:00:37]} 2. Nf3 {[%emt 0:00:00]} d6 {[%emt 0:00:06]} 3. d4 {[%emt 0:00:00]} cxd4 {[%emt 0:00:11]} 4. Nxd4 {[%emt 0:00:00]} Nf6 {[%emt 0:00:07]} 5. f3 {[%emt 0:00:00]} g6 {[%emt 0:02:44]} 6. c4 {[%emt 0:00:23]} Bg7 {[%emt 0:00:53]} 7. Nc3 {[%emt 0:00:21]} Nc6 {[%emt 0:00:26]} 8. Nc2 {[%emt 0:00:36]} O-O {[%emt 0:02:14]} 9. Be3 {[%emt 0:00:38]} Be6 {[%emt 0:02:58]} 10. Qd2 {[%emt 0:01:16]} Rc8 {[%emt 0:04:19]} 11. Rc1 {[%emt 0:02:17]} Qa5 {[%emt 0:10:42]} 12. Be2 {[%emt 0:02:42]} Rfd8 {[%emt 0:05:36]} 13. O-O {[%emt 0:00:25]} a6 {[%emt 0:05:34]} 14. Rfd1 {[%emt 0:01:58]} Ne5 {[%emt 0:04:20]} 15. b4 {[%emt 0:01:53]} Qc7 {[%emt 0:00:57]} 16. Na3 {[%emt 0:00:06]} b6 {[%emt 0:10:55]} 17. Na4 {[%emt 0:05:16]} Rb8 {[%emt 0:01:13]} 18. Bf1 {[%emt 0:04:26]} Bd7 {[%emt 0:05:30]} 19. Nc3 {[%emt 0:00:46]} Qb7 {[%emt 0:03:46]} 20. Qf2 {[%emt 0:03:15]} Be8 {[%emt 0:05:17]} 21. h3 {[%emt 0:03:11]} Rdc8 {[%emt 0:06:31]} 22. Nd5 {[%emt 0:05:04]} Nxd5 {[%emt 0:03:19]} 23. exd5 {[%emt 0:00:10]} Ba4 {[%emt 0:03:10]} 24. Rd2 {[%emt 0:02:16]} b5 {[%emt 0:06:16]} 25. c5 {[%emt 0:00:26]} dxc5 {[%emt 0:00:15]} 26. bxc5 {[%emt 0:00:10]} b4 {[%emt 0:00:12]} 27. c6 {[%emt 0:03:04]} Qc7 {[%emt 0:03:06]} 28. Nc2 {[%emt 0:04:15]} Bb5 {[%emt 0:01:27]} 29. Ba7 {[%emt 0:00:46]} Ra8 {[%emt 0:05:05]} 30. Bb6 {[%emt 0:00:09]} Qb8 {[%emt 0:01:11]} 31. Nxb4 {[%emt 0:03:21]} Bxf1 {[%emt 0:01:16]} 32. Kxf1 {[%emt 0:00:29]} Bh6 {[%emt 0:02:21]} 33. Bc5 {[%emt 0:07:05]} Qb5+ {[%emt 0:01:15]} 34. Kg1 {[%emt 0:01:00]} Bxd2 {[%emt 0:01:16]} 35. Qxd2 {[%emt 0:00:16]} a5 {[%emt 0:00:10]} 36. Bxe7 {[%emt 0:03:30]} axb4 {[%emt 0:00:42]} 37. Bf6 {[%emt 0:00:06]} Nxc6 {[%emt 0:01:33]} 38. Qh6 {[%emt 0:00:22]} Ne5 {[%emt 0:00:33]} 1-0

[Event "Asian Zonal-ch 3.5 Women 2019"]
[Site "Zi Bo"]
[Date "2019.09.08"]
[Round "6.11"]
[White "Ha, Yihan"]
[Black "Wang, Yuehan"]
[Result "1-0"]
[WhiteElo "1580"]
[BlackElo "1600"]
[Annotator "NA"]
[PlyCount "211"]
[EventDate "2019.09.05"]
[EventType "swiss"]
[EventCountry "CHN"]
[SourceTitle "playchess.com"]
[Source "ChessBase"]
[SourceQuality "1"]
[TimeControl "5400+30"]

1. d4 {[%emt 0:00:00]} Nf6 {[%emt 0:00:00]} 2. c4 {[%emt 0:00:00]} e6 {[%emt 0:00:00]} 3. Nc3 {[%emt 0:00:00]} Bb4 {[%emt 0:00:00]} 4. Qc2 {[%emt 0:00:00]} O-O {[%emt 0:00:00]} 5. Nf3 {[%emt 0:00:00]} c5 {[%emt 0:00:00]} 6. dxc5 {[%emt 0:00:13]} Na6 {[%emt 0:01:22]} 7. g3 {[%emt 0:00:08]} Nxc5 {[%emt 0:00:38]} 8. Bg2 {[%emt 0:00:07]} Nce4 {[%emt 0:03:20]} 9. Bd2 {[%emt 0:00:20]} Nxd2 {[%emt 0:01:17]} 10. Nxd2 {[%emt 0:00:06]} a6 {[%emt 0:06:02]} 11. O-O {[%emt 0:00:24]} Qc7 {[%emt 0:00:23]} 12. e4 {[%emt 0:01:09]} d6 {[%emt 0:04:42]} 13. a3 {[%emt 0:01:52]} Bc5 {[%emt 0:00:12]} 14. b4 {[%emt 0:06:46]} Ba7 {[%emt 0:02:43]} 15. Rad1 {[%emt 0:05:11]} Bd7 {[%emt 0:01:36]} 16. h3 {[%emt 0:03:37]} Rac8 {[%emt 0:10:09]} 17. Qd3 {[%emt 0:02:04]} Rfd8 {[%emt 0:01:32]} 18. Rc1 {[%emt 0:01:55]} Be8 {[%emt 0:00:14]} 19. Qe2 {[%emt 0:07:59]} Nd7 {[%emt 0:06:40]} 20. Rfd1 {[%emt 0:06:21]} Ne5 {[%emt 0:00:00]} 21. Bf1 {[%emt 0:02:24]} Ng6 {[%emt 0:09:41]} 22. h4 {[%emt 0:09:49]} d5 {[%emt 0:00:00]} 23. c5 {[%emt 0:04:53]} d4 {[%emt 0:00:00]} 24. Na2 {[%emt 0:00:40]} Bb5 {[%emt 0:00:00]} 25. Qf3 {[%emt 0:01:30]} Ne5 {[%emt 0:00:00]} 26. Qf4 {[%emt 0:00:26]} Ba4 {[%emt 0:01:37]} 27. Re1 {[%emt 0:00:54]} Bb8 {[%emt 0:01:44]} 28. h5 {[%emt 0:11:00]} Qe7 {[%emt 0:11:16]} 29. Qh4 {[%emt 0:02:12]} Qxh4 {[%emt 0:00:54]} 30. gxh4 {[%emt 0:00:06]} Ng4 {[%emt 0:00:06]} 31. Nc4 {[%emt 0:08:43]} d3 {[%emt 0:10:34]} 32. Bxd3 {[%emt 0:01:56]} Rxd3 {[%emt 0:00:12]} 33. Nb6 {[%emt 0:00:06]} Rcd8 {[%emt 0:06:13]} 34. Nxa4 {[%emt 0:00:20]} Bh2+ {[%emt 0:00:41]} 35. Kf1 {[%emt 0:01:29]} Rxa3 {[%emt 0:06:50]} 36. N2c3 {[%emt 0:01:37]} Rb3 {[%emt 0:01:05]} 37. Red1 {[%emt 0:02:38]} Rxd1+ {[%emt 0:02:54]} 38. Rxd1 {[%emt 0:00:06]} Kf8 {[%emt 0:00:34]} 39. Rb1 {[%emt 0:03:53]} Rxb1+ {[%emt 0:00:32]} 40. Nxb1 {[%emt 0:00:01]} Nf6 {[%emt 0:00:07]} 41. Nd2 {[%emt 0:00:55]} Bf4 {[%emt 0:01:16]} 42. Nc4 {[%emt 0:01:26]} Nxe4 {[%emt 0:03:02]} 43. Na5 {[%emt 0:00:10]} Bd2 {[%emt 0:00:07]} 44. Nxb7 {[%emt 0:00:57]} Bxb4 {[%emt 0:01:39]} 45. Nb6 {[%emt 0:02:49]} Nc3 {[%emt 0:03:02]} 46. c6 {[%emt 0:01:03]} Nb5 {[%emt 0:00:02]} 47. Na8 {[%emt 0:00:16]} Ke7 {[%emt 0:00:33]} 48. Nb6 {[%emt 0:04:25]} Nc7 {[%emt 0:00:13]} 49. Ke2 {[%emt 0:00:29]} h6 {[%emt 0:00:47]} 50. Kd3 {[%emt 0:00:41]} Be1 {[%emt 0:00:13]} 51. Ke2 {[%emt 0:00:49]} Bc3 {[%emt 0:00:09]} 52. Kd3 {[%emt 0:01:09]} Bf6 {[%emt 0:00:23]} 53. Nc8+ {[%emt 0:00:26]} Ke8 {[%emt 0:01:35]} 54. Ncd6+ {[%emt 0:01:54]} Kf8 {[%emt 0:00:10]} 55. Kc4 {[%emt 0:01:26]} Bxh4 {[%emt 0:00:19]} 56. Ne4 {[%emt 0:01:00]} f5 {[%emt 0:00:38]} 57. Ng3 {[%emt 0:00:37]} Be7 {[%emt 0:01:55]} 58. Ne2 {[%emt 0:00:35]} Kf7 {[%emt 0:01:32]} 59. Nf4 {[%emt 0:01:21]} Nb5 {[%emt 0:02:14]} 60. Nc5 {[%emt 0:02:20]} Nc7 {[%emt 0:01:13]} 61. Nb7 {[%emt 0:00:49]} Ke8 {[%emt 0:01:28]} 62. Ng6 {[%emt 0:01:37]} Ba3 {[%emt 0:00:48]} 63. Kb3 {[%emt 0:00:28]} Bc1 {[%emt 0:00:53]} 64. Ka4 {[%emt 0:00:33]} Bd2 {[%emt 0:00:10]} 65. Ne5 {[%emt 0:00:07]} Ke7 {[%emt 0:00:26]} 66. f3 {[%emt 0:01:02]} Bc3 {[%emt 0:01:01]} 67. Nc4 {[%emt 0:00:25]} e5 {[%emt 0:00:19]} 68. Nc5 {[%emt 0:00:37]} Kd8 {[%emt 0:00:25]} 69. Nd6 {[%emt 0:00:19]} Nd5 {[%emt 0:01:00]} 70. Nxa6 {[%emt 0:00:26]} Bd4 {[%emt 0:00:52]} 71. Nxf5 {[%emt 0:00:25]} Nc7 {[%emt 0:00:34]} 72. Nxc7 {[%emt 0:00:37]} Kxc7 {[%emt 0:00:02]} 73. Kb5 {[%emt 0:00:03]} Bf2 {[%emt 0:00:54]} 74. Nxg7 {[%emt 0:00:18]} Be3 {[%emt 0:00:29]} 75. Ne6+ {[%emt 0:00:20]} Kc8 {[%emt 0:00:17]} 76. Kc4 {[%emt 0:00:42]} Bd2 {[%emt 0:00:29]} 77. Kd5 {[%emt 0:00:11]} Bc3 {[%emt 0:00:06]} 78. Kd6 {[%emt 0:00:16]} Bb2 {[%emt 0:00:39]} 79. Ke7 {[%emt 0:00:25]} Bc3 {[%emt 0:00:11]} 80. Kf7 {[%emt 0:00:05]} Bb2 {[%emt 0:00:16]} 81. Kg6 {[%emt 0:00:36]} Bc1 {[%emt 0:00:04]} 82. Kf5 {[%emt 0:00:52]} Bb2 {[%emt 0:00:04]} 83. Ke4 {[%emt 0:00:45]} Bc3 {[%emt 0:00:15]} 84. Kd5 {[%emt 0:00:19]} Bb2 {[%emt 0:00:05]} 85. Kd6 {[%emt 0:00:57]} Ba1 {[%emt 0:00:14]} 86. c7 {[%emt 0:00:35]} Bc3 {[%emt 0:00:25]} 87. Kc6 {[%emt 0:00:44]} Ba5 {[%emt 0:00:19]} 88. Kb5 {[%emt 0:00:40]} Bd2 {[%emt 0:01:03]} 89. Kb6 {[%emt 0:00:29]} Be3+ {[%emt 0:00:24]} 90. Nc5 {[%emt 0:00:29]} e4 {[%emt 0:02:44]} 91. fxe4 {[%emt 0:00:18]} Bf4 {[%emt 0:00:04]} 92. Ne6 {[%emt 0:00:17]} Be5 {[%emt 0:00:06]} 93. Kc6 {[%emt 0:00:08]} Bg3 {[%emt 0:00:09]} 94. Kd5 {[%emt 0:00:11]} Kd7 {[%emt 0:00:05]} 95. e5 {[%emt 0:01:43]} Bh2 {[%emt 0:00:18]} 96. Ke4 {[%emt 0:00:22]} Bg3 {[%emt 0:00:48]} 97. Kf5 {[%emt 0:00:05]} Bf2 {[%emt 0:00:08]} 98. Kg6 {[%emt 0:00:39]} Be3 {[%emt 0:00:04]} 99. Kf7 {[%emt 0:00:29]} Bd2 {[%emt 0:00:49]} 100. Nf8+ {[%emt 0:00:13]} Kxc7 {[%emt 0:00:06]} 101. e6 {[%emt 0:00:02]} Bg5 {[%emt 0:00:25]} 102. e7 {[%emt 0:00:06]} Bxe7 {[%emt 0:00:05]} 103. Kxe7 {[%emt 0:00:04]} Kc6 {[%emt 0:00:09]} 104. Kf6 {[%emt 0:00:05]} Kd6 {[%emt 0:00:12]} 105. Ne6 {[%emt 0:00:17]} Kd7 {[%emt 0:00:09]} 106. Ng7 {[%emt 0:00:11]} 1-0

[Event "Asian Zonal-ch 3.5 Women 2019"]
[Site "Zi Bo"]
[Date "2019.09.08"]
[Round "6.12"]
[White "Cai Youyang"]
[Black "Zhao, Caidi"]
[Result "1-0"]
[WhiteElo "1910"]
[BlackElo "1540"]
[Annotator "NA"]
[PlyCount "55"]
[EventDate "2019.09.05"]
[EventType "swiss"]
[EventCountry "CHN"]
[SourceTitle "playchess.com"]
[Source "ChessBase"]
[SourceQuality "1"]
[TimeControl "5400+30"]

1. Nf3 {[%emt 0:00:00]} Nf6 {[%emt 0:00:00]} 2. c4 {[%emt 0:00:00]} g6 {[%emt 0:00:05]} 3. Nc3 {[%emt 0:00:00]} d5 {[%emt 0:00:27]} 4. cxd5 {[%emt 0:00:00]} Nxd5 {[%emt 0:00:08]} 5. h4 {[%emt 0:00:00]} h5 {[%emt 0:01:55]} 6. e4 {[%emt 0:00:11]} Nxc3 {[%emt 0:00:24]} 7. bxc3 {[%emt 0:00:06]} Bg7 {[%emt 0:00:37]} 8. Ba3 {[%emt 0:00:14]} Bg4 {[%emt 0:02:44]} 9. Qb3 {[%emt 0:08:43]} Bc8 {[%emt 0:09:30]} 10. Bc4 {[%emt 0:00:54]} e6 {[%emt 0:03:14]} 11. d4 {[%emt 0:08:09]} c6 {[%emt 0:09:20]} 12. Rd1 {[%emt 0:06:59]} b5 {[%emt 0:04:11]} 13. Be2 {[%emt 0:00:51]} a6 {[%emt 0:03:56]} 14. O-O {[%emt 0:04:00]} Bf8 {[%emt 0:03:10]} 15. Bxf8 {[%emt 0:07:35]} Kxf8 {[%emt 0:01:56]} 16. Ng5 {[%emt 0:00:11]} Qf6 {[%emt 0:02:54]} 17. f4 {[%emt 0:01:41]} Qe7 {[%emt 0:08:07]} 18. f5 {[%emt 0:10:31]} exf5 {[%emt 0:06:24]} 19. exf5 {[%emt 0:00:22]} Bxf5 {[%emt 0:01:48]} 20. Bd3 {[%emt 0:00:15]} Kg7 {[%emt 0:05:19]} 21. Bxf5 {[%emt 0:00:52]} gxf5 {[%emt 0:00:02]} 22. Rxf5 {[%emt 0:00:51]} f6 {[%emt 0:02:27]} 23. Ne6+ {[%emt 0:00:56]} Kg6 {[%emt 0:01:49]} 24. Re1 {[%emt 0:02:43]} Qd7 {[%emt 0:04:18]} 25. Qc2 {[%emt 0:00:09]} Kf7 {[%emt 0:02:01]} 26. Ng5+ {[%emt 0:00:22]} Kg7 {[%emt 0:00:37]} 27. Re6 {[%emt 0:00:31]} Rh6 {[%emt 0:04:54]} 28. Rfxf6 {[%emt 0:00:15]} 1-0

[Event "Asian Zonal-ch 3.5 Women 2019"]
[Site "Zi Bo"]
[Date "2019.09.09"]
[Round "7.1"]
[White "Zhu, Jiner"]
[Black "Ren, Xiaoyi"]
[Result "1-0"]
[WhiteElo "2471"]
[BlackElo "2231"]
[Annotator "TA"]
[PlyCount "73"]
[EventDate "2019.09.05"]
[EventType "swiss"]
[EventCountry "CHN"]
[SourceTitle "playchess.com"]
[Source "ChessBase"]
[SourceQuality "1"]

{[%evp 16,73,51,29,59,55,39,42,72,35,104,93,102,102,172,172,284,290,440,436,498,496,510,495,536,527,539,488,491,451,693,693,703,580,557,539,560,570,536,515,549,560,608,606,613,612,609,614,633,584,5037,5029,29991,29992,29992,29993,29993,29994,29994,29995]} 1. e4 e5 2. Nf3 Nf6 3. Nxe5 d6 4. Nf3 Nxe4 5. d4 Be7 6. Bd3 Nf6 7. O-O Bg4 8. Nbd2 O-O 9. Re1 c5 {C42: Petroff Defence: 3 Nxe5 and unusual White 3rd moves} 10. h3 Bh5 11. Nf1 Bg6 $146 {White is slightly better.} ({Predecessor:} 11... Nc6 12. Ng3 Bxf3 13. Qxf3 Nxd4 14. Qxb7 c4 15. c3 cxd3 16. cxd4 Qa5 17. Rxe7 {1-0 (41) Degraeve,J (2566)-Shirazi,K (2423) Cappelle-la-Grande 2004}) 12. Ng3 Nd5 (12... d5 $14) 13. Bxg6 hxg6 14. Qe2 $36 {[%mdl 2048] Hoping for c4. White is on the roll.} Bf6 {[#]} (14... Re8 $16) 15. dxc5 $1 $18 dxc5 {[#]} (15... Nc7 $142 16. cxd6 Qxd6) 16. Rd1 $1 c4 (16... Bd4 {might work better.} 17. c3 (17. Nxd4 cxd4 18. Rxd4 Nc6 $16) 17... Bxc3) 17. Qe4 c3 18. Rxd5 Qb6 19. bxc3 Nc6 20. Be3 Qb2 21. Rad1 Qxa2 22. Qg4 Qxc2 (22... Rad8 $142 23. Rxd8 Rxd8) 23. Ne4 Rfd8 24. Nxf6+ gxf6 25. Rxd8+ Rxd8 26. Rxd8+ Nxd8 {[#]} 27. Qc8 $1 Qd1+ 28. Kh2 {Threatening mate with Bd4.} Qd6+ 29. g3 Kg7 30. Bxa7 Qd5 {If only Black now had time for ...Nc6....} 31. c4 Qd6 32. Bc5 Qd3 33. Nd4 Qf1 {[#]} 34. Nf5+ $1 {White mates.} gxf5 35. Qxd8 Qxc4 36. Bf8+ Kg6 37. Be7 {Accuracy: White = 91%, Black = 14%.} 1-0